Mulk Raj Anand : (Record no. 102296)

MARC details
000 -LEADER
fixed length control field 01055nam a22002537a 4500
005 - DATE AND TIME OF LATEST TRANSACTION
control field 20180223142013.0
010 ## - LCCN (DPL NO)
LC control number 1617EN ENG-117006 B-663963
020 ## - INTERNATIONAL STANDARD BOOK NUMBER
International Standard Book Number 9789382281528
Terms of availability 795.00
035 ## - SYSTEM CONTROL NUMBER
System control number B-648098-106
035 ## - SYSTEM CONTROL NUMBER
System control number EN-100538
035 ## - SYSTEM CONTROL NUMBER
System control number B-663963
037 ## - SOURCE OF ACQUISITION
Stock number DPL
Source of stock number/acquisition Pancy
037 ## - SOURCE OF ACQUISITION
Source of stock number/acquisition DBAD/PUB
082 ## - DEWEY DECIMAL CLASSIFICATION NUMBER
Classification number 921
100 ## - MAIN ENTRY--PERSONAL NAME
Personal name Pandey, Rakesh Kumar
245 ## - TITLE STATEMENT
Title Mulk Raj Anand :
Statement of responsibility, etc by Rakesh Kumar Pandey
Remainder of title a man of social & humanistic approach /
260 ## - PUBLICATION, DISTRIBUTION, ETC. (IMPRINT)
Place of publication, distribution, etc New Delhi
Name of publisher, distributor, etc Raj Publications
Date of publication, distribution, etc 2016
270 ## - ADDRESS
Address 108, 4855/24, Ansari Road,Daryaganj,
City New Delhi
Postal code 110002
300 ## - PHYSICAL DESCRIPTION
Extent 232p.
Other physical details 22cm.(Hb)
500 ## - GENERAL NOTE
General note Includes bibliographical references and index
942 ## - ADDED ENTRY ELEMENTS (KOHA)
Source of classification or shelving scheme Dewey Decimal Classification
Item type English Books
Call number suffix PAN
Classification part 921
Holdings
Withdrawn status Lost status Not for loan Collection code Home library Current library Date acquired Source of acquisition Cost, normal purchase price Full call number Barcode Copy number Cost, replacement price Koha item type
      Non-fiction Ashok Vihar Ashok Vihar 23/02/2018 PANSY/BL1621/23.02.17/464/15.02.15/02.03.2017 795.00 921 PAN B-663963 1 795.00 English Books
    Not For Loan Non-fiction D.B.Act.Division Bawana 03/01/2017 DBAD/PUB 795.00 921 PAN EN-100538 1 795.00 English Books
      Non-fiction Central Library Central Library 23/02/2017 BPPD/EN/2016-17/298/24.11.2016/1606/28.11.2016/2.1.2016 795.00 921 PAN B-648098 1 795.00 English Books
      Non-fiction Janak Puri Janak Puri 23/02/2017 BPPD/EN/2016-17/298/24.11.2016/1606/28.11.2016/2.1.2016 795.00 921 PAN B-648104 1 795.00 English Books
      Non-fiction Karol Bagh Karol Bagh 23/02/2017 BPPD/EN/2016-17/298/24.11.2016/1606/28.11.2016/2.1.2016 795.00 921 PAN B-648106 1 795.00 English Books
      Non-fiction Kasturba Gandhi Marg Kasturba Gandhi Marg 23/02/2017 BPPD/EN/2016-17/298/24.11.2016/1606/28.11.2016/2.1.2016 795.00 921 PAN B-648101 1 795.00 English Books
      Non-fiction New Police Line New Police Line 23/02/2017 BPPD/EN/2016-17/298/24.11.2016/1606/28.11.2016/2.1.2016 795.00 921 PAN B-648099 1 795.00 English Books
      Non-fiction Patel Nagar Patel Nagar 23/02/2017 BPPD/EN/2016-17/298/24.11.2016/1606/28.11.2016/2.1.2016 795.00 921 PAN B-648100 1 795.00 English Books
      Non-fiction Peshwa Road Peshwa Road 23/02/2017 BPPD/EN/2016-17/298/24.11.2016/1606/28.11.2016/2.1.2016 795.00 921 PAN B-648102 1 795.00 English Books
      Non-fiction Sarojini Nagar Sarojini Nagar 23/02/2017 BPPD/EN/2016-17/298/24.11.2016/1606/28.11.2016/2.1.2016 795.00 921 PAN B-648105 1 795.00 English Books
      Non-fiction Tri Nagar Tri Nagar 23/02/2017 BPPD/EN/2016-17/298/24.11.2016/1606/28.11.2016/2.1.2016 795.00 921 PAN B-648103 1 795.00 English Books

© Delhi Public Library
Hit Counter
free hit counter